Star Wars Canon Movies and Shows - Statistics

General Stats
  • This quiz has been taken 242 times
    204 since last reset
  • The average score is 22 of 26
Answer Stats
Release Year Answer % Correct
1977 Star Wars: A New Hope
100%
2002 Star Wars: Attack of the Clones
99%
1983 Star Wars: Return of the Jedi
99%
1999 Star Wars: The Phantom Menace
99%
2005 Star Wars: The Revenge of the Sith
99%
2008 Star Wars: The Clone Wars (Movie)
98%
2008 Star Wars: The Clone Wars (Show)
98%
1980 Star Wars: The Empire Strikes Back
98%
2018 Solo: A Star Wars Story
96%
2016 Rogue One: A Star Wars Story
95%
2015 Star Wars: The Force Awakens
94%
2017 Star Wars: The Last Jedi
94%
2019 Star Wars: The Rise of Skywalker
94%
2019 The Mandalorian
92%
2014 Star Wars Rebels
90%
2022 Andor
86%
2023 Ahsoka
83%
2021 The Book of Boba Fett
82%
2021 Star Wars: The Bad Batch
79%
2024 The Acolyte
75%
2022 Obi-Wan Kenobi
74%
2018 Star Wars Resistance
67%
2022 Star Wars: Tales of the Jedi
67%
2024 Skeleton Crew
62%
2024 Star Wars: Tales of the Empire
61%
2025 Star Wars: Tales of the Underworld
52%
No matching quizzes found
Score Distribution
Percent of People with Each Score
Percentile by Number Answered
Your Score History
You have not taken this quiz since the last reset